| 000 | 00597nam a22001937a 4500 | ||
|---|---|---|---|
| 003 | NUST | ||
| 005 | 20230202130759.0 | ||
| 008 | 190720b ||||| |||| 00| 0 eng d | ||
| 015 | _qHard Cover. | ||
| 038 | _aMr. Zahoor. | ||
| 082 | _a658 | ||
| 100 |
_aSuri, Tahreem Khan. _918194 |
||
| 245 |
_aLateral transshipment; An Effective inventory management strategy. Pakistani Apparel Industry in Spotlight _cTehreem Suri Khan. |
||
| 260 |
_aIslamabad : _bNBS - NUST, _c2015. |
||
| 300 |
_a53 p. : _c30cm. |
||
| 650 |
_aMBA -Thesis _917629 |
||
| 700 |
_aKamran Khalid. _918195 |
||
| 942 |
_2ddc _cTHE |
||
| 999 |
_c527098 _d527098 |
||